Estadísticas para Monumentos por Imágenes #1

Haz click aquí para intentar la prueba.

Estadísticas generales

  • Esta prueba ha sido intentada 1.787 veces
  • La puntuación promedio es 12 de 18

Estadísticas de respuestas

Respuesta% Correcto
Estatua de la Libertad
98%
Pirámides de Egipto
96%
Coliseo
95%
Torre Eiffel
92%
Gran Muralla China
91%
Torre de Pisa
89%
Machu Picchu
86%
Taj Mahal
85%
Empire State Building
78%
Casa de la {Ópera de Sídney}
63%
Monte Fuji
61%
Puente {Golden Gate}
55%
Stonehenge
54%
Sirenita
45%
Monumento a {Washington}
43%
Puerta de {Brandeburgo}
36%
Pan de Azúcar
28%
Monte {Cervino}
17%

Distribución de puntuación

Porcentaje por número respondido

Porcentaje de gente con cada puntuación

Historial de tus puntuaciones

No has intentado esta prueba.